000 00305 a2200157 4500
001 178632
020 _a
040 _cMagnum
100 _aBaran, Itsche
240 1 0 _aPlim !
_lpor
245 1 0 _aPlim !
362 0 _a1899
440 1 _aLoyola
697 _aMAGNITO: IJ/FADAS, FANTASIA
942 _cBK
999 _c178632
_d178632